Elektroinstalace krok za krokem /

Hlavní autor: Kunc, Josef
Jazyk: Čeština
Vydáno: Praha : Grada, 2003
Vydání: 1. vyd.
Edice: Profi & hobby
Témata:
Externí odkaz: Digitalizovaný dokument
Fyzický popis: 132 s. : il. ; 21 cm
Knihy
Uloženo v:
LEADER 01216nam a2200361 a 4500
001 000695561
003 CZ BrMZK
005 20031204103750.0
007 ta
008 031104s2003 xr a f 000 0 cze d
015 |a cnb001285780 
020 |a 80-247-0559-1  |q (brož.) 
035 |a (OCoLC)56864741 
040 |a BOA001  |b cze 
072 7 |a 621.3  |x Elektrotechnika  |2 Konspekt  |9 19 
080 |a 621.316  |2 MRF 
080 |a 621.311.1  |2 MRF 
080 |a (035)  |2 MRF 
100 1 |a Kunc, Josef  |7 xx0001342  |4 aut 
245 1 0 |a Elektroinstalace krok za krokem /  |c Josef Kunc 
250 |a 1. vyd. 
260 |a Praha :  |b Grada,  |c 2003 
300 |a 132 s. :  |b il. ;  |c 21 cm 
490 1 |a Profi & hobby ;  |v 98 
504 |a Obsahuje bibliografii a rejstřík 
650 0 7 |a elektrické rozvody  |7 ph114440  |2 czenas 
650 0 7 |a elektrické instalace  |7 ph114438  |2 czenas 
655 7 |a příručky  |7 fd133209  |2 czenas 
830 0 |a Profi & hobby  |0 s 
856 4 1 |u http://www.digitalniknihovna.cz/mzk/uuid/uuid:d41ef860-7b7f-11e4-8ce5-005056827e52  |y Digitalizovaný dokument  |x NDK 
910 |a BOA001  |b 2-1124.608 
990 |a BK 
996 6 |b 2610202018  |c 2-1124.608  |l MZK  |r Sklad / do 1 hodiny  |n 4  |p p.v.  |w 000695561  |u 000010  |a 1  |e BOA001  |j MZK50  |s P